[Event "Titled Tuesday intern op 19th Sep Early"]
[Site "Chess.com INT"]
[Date "2023.09.19"]
[Round "9"]
[White "Bolivar, Jeison"]
[Black "Ugarte Soto, Cesar"]
[Result "0-1"]
[WhiteElo "2103"]
[BlackElo "2088"]
[PlyCount "44"]
[EventDate "2023.09.19"]
[EventType "swiss (blitz)"]
[EventRounds "11"]
[EventCountry "USA"]
[SourceTitle "EXT 2024"]
[Source "ChessBase"]
[SourceDate "2023.10.10"]
[SourceVersion "1"]
[SourceVersionDate "2023.10.10"]
[SourceQuality "1"]

1. e4 c5 2. Nc3 Nc6 3. g4 h5 4. g5 g6 5. d3 Bg7 6. Bg2 e6 7. Nh3 Nge7 8. 0-0 d6 9. f4 b6 10. a4 Bb7 11. f5 gxf5 12. exf5 Bd4+ 13. Kh1 exf5 14. Nf4 Qd7 15. Ncd5 Nxd5 16. Nxd5 0-0-0 17. c3 Be5 18. Be3 h4 19. h3 f4 20. Bxf4 Ne7 21. Bxe5 dxe5 22. Nf6 Qxh3+ 0-1

[Event "Titled Tuesday intern op 19th Sep Early"]
[Site "Chess.com INT"]
[Date "2023.09.19"]
[Round "11"]
[White "Ugarte Soto, Cesar"]
[Black "Kanyamarala, Trisha"]
[Result "1-0"]
[WhiteElo "2088"]
[BlackElo "2183"]
[PlyCount "71"]
[EventDate "2023.09.19"]
[EventType "swiss (blitz)"]
[EventRounds "11"]
[EventCountry "USA"]
[SourceTitle "EXT 2024"]
[Source "ChessBase"]
[SourceDate "2023.10.10"]
[SourceVersion "1"]
[SourceVersionDate "2023.10.10"]
[SourceQuality "1"]

1. d4 Nf6 2. Nf3 d5 3. e3 e6 4. Bd3 c5 5. 0-0 c4 6. Be2 Nc6 7. b3 cxb3 8. axb3 Bd6 9. c4 0-0 10. Ba3 e5 11. dxe5 Nxe5 12. Bxd6 Qxd6 13. Nc3 Be6 14. cxd5 Nxd5 15. Nxd5 Bxd5 16. e4 Rad8 17. Qxd5 Nxf3+ 18. Bxf3 Qb4 19. Qc4 Qb6 20. h3 a6 21. Rfd1 Rc8 22. Qd4 Qxb3 23. Rab1 Qe6 24. Rxb7 h6 25. Bg4 Qc6 26. Bxc8 Qxc8 27. Qd7 Qc2 28. e5 Qc3 29. e6 fxe6 30. Qxe6+ Kh8 31. Qe7 Rf4 32. Rd8+ Kh7 33. Qe8 Rf6 34. Qg8+ Kg6 35. Qxg7+ Kh5 36. Qg4# 1-0

[Event "Titled Tuesday intern op 19th Sep Early"]
[Site "Chess.com INT"]
[Date "2023.09.19"]
[Round "2"]
[White "Ugarte Soto, Cesar"]
[Black "Ljubarov, Mark"]
[Result "0-1"]
[WhiteElo "2088"]
[BlackElo "2305"]
[PlyCount "74"]
[EventDate "2023.09.19"]
[EventType "swiss (blitz)"]
[EventRounds "11"]
[EventCountry "USA"]
[SourceTitle "EXT 2024"]
[Source "ChessBase"]
[SourceDate "2023.10.10"]
[SourceVersion "1"]
[SourceVersionDate "2023.10.10"]
[SourceQuality "1"]

1. d4 Nf6 2. e3 d5 3. Nf3 Bf5 4. Bd3 Bxd3 5. Qxd3 e6 6. 0-0 c5 7. Ne5 Nbd7 8. f4 Ne4 9. b3 Rc8 10. Bb2 Bd6 11. Nd2 Nxd2 12. Qxd2 0-0 13. Rac1 f6 14. Nxd7 Qxd7 15. Rfd1 c4 16. bxc4 Rxc4 17. c3 Rfc8 18. Qe2 Qa4 19. a3 a6 20. Ra1 Qb5 21. Rdb1 Qe8 22. g3 Qg6 23. Re1 Qe4 24. Rf1 Bc7 25. Qg4 Ba5 26. Rac1 Bxc3 27. Bxc3 Rxc3 28. Rxc3 Rxc3 29. Qh5 Qxe3+ 30. Kh1 Qe4+ 31. Kg1 Qxd4+ 32. Kh1 Qe4+ 33. Kg1 g6 34. Qh4 Rc2 35. Qh3 d4 36. Rd1 Qe3+ 37. Kh1 Qf3+ 0-1

[Event "Titled Tuesday intern op 29th Aug Late"]
[Site "Chess.com INT"]
[Date "2023.08.29"]
[Round "8"]
[White "Bagchi, Sounak"]
[Black "Ugarte Soto, Cesar"]
[Result "1-0"]
[WhiteElo "2030"]
[BlackElo "2088"]
[PlyCount "87"]
[EventDate "2023.08.29"]
[EventType "swiss (blitz)"]
[EventRounds "11"]
[EventCountry "USA"]
[SourceTitle "EXT 2024"]
[Source "ChessBase"]
[SourceDate "2023.10.10"]
[SourceVersion "1"]
[SourceVersionDate "2023.10.10"]
[SourceQuality "1"]

1. e4 c5 2. Nf3 Nc6 3. Bb5 g6 4. Bxc6 dxc6 5. 0-0 Qc7 6. d3 e5 7. h3 Nf6 8. Nc3 Nd7 9. Be3 b6 10. a4 Bg7 11. a5 Rb8 12. Nh2 Kf8 13. f4 exf4 14. Bxf4 Be5 15. Bh6+ Bg7 16. Qd2 Qe5 17. Ng4 Qd4+ 18. Be3 Qd6 19. Rf2 h5 20. Bf4 Ne5 21. Ne3 Be6 22. Raf1 Rd8 23. Bg5 Rd7 24. Qe2 Kg8 25. Bf6 Bxf6 26. Rxf6 Kg7 27. R6f4 Re7 28. Qf2 h4 29. Qe2 Rh5 30. Kh1 Rg5 31. Qf2 Rg3 32. Rxh4 Rg5 33. Rf4 Rh5 34. Ne2 Qd7 35. Ng3 Rh7 36. Kg1 Kg8 37. axb6 axb6 38. Ra1 b5 39. Ra8+ Kg7 40. Ngf5+ gxf5 41. exf5 f6 42. fxe6 Qxe6 43. Qg3+ Kf7 44. Qg8# 1-0

[Event "Titled Tuesday intern op 29th Aug Late"]
[Site "Chess.com INT"]
[Date "2023.08.29"]
[Round "10"]
[White "Garcia Correa, Jose Ricardo"]
[Black "Ugarte Soto, Cesar"]
[Result "1/2-1/2"]
[WhiteElo "2103"]
[BlackElo "2088"]
[PlyCount "74"]
[EventDate "2023.08.29"]
[EventType "swiss (blitz)"]
[EventRounds "11"]
[EventCountry "USA"]
[SourceTitle "EXT 2024"]
[Source "ChessBase"]
[SourceDate "2023.10.10"]
[SourceVersion "1"]
[SourceVersionDate "2023.10.10"]
[SourceQuality "1"]

1. e4 c5 2. Nf3 Nc6 3. d4 cxd4 4. Nxd4 Qb6 5. Nb3 Nf6 6. Nc3 e6 7. Be3 Qc7 8. Be2 a6 9. f3 b5 10. a3 b4 11. axb4 Bxb4 12. 0-0 0-0 13. Na4 Rb8 14. Nac5 a5 15. Na6 Bxa6 16. Bxa6 d5 17. Bd3 Rfd8 18. exd5 Nxd5 19. Bf2 Bd6 20. g3 Ne5 21. Be4 Nf6 22. Qe2 Qc4 23. Qxc4 Nxc4 24. Nxa5 Nxa5 25. Rxa5 Nxe4 26. fxe4 Rxb2 27. c4 g6 28. Rd1 Rxf2 29. Rxd6 Rxd6 30. Kxf2 Rd2+ 31. Ke3 Rxh2 32. c5 Rc2 33. Kd3 Rc1 34. Kd2 Rc4 35. Kd3 Rc1 36. Kd2 Rc4 37. Kd3 Rc1 1/2-1/2

[Event "Titled Tuesday intern op 29th Aug Late"]
[Site "Chess.com INT"]
[Date "2023.08.29"]
[Round "11"]
[White "Ugarte Soto, Cesar"]
[Black "Polaczek, Richard"]
[Result "1/2-1/2"]
[WhiteElo "2088"]
[BlackElo "2302"]
[PlyCount "142"]
[EventDate "2023.08.29"]
[EventType "swiss (blitz)"]
[EventRounds "11"]
[EventCountry "USA"]
[SourceTitle "EXT 2024"]
[Source "ChessBase"]
[SourceDate "2023.10.10"]
[SourceVersion "1"]
[SourceVersionDate "2023.10.10"]
[SourceQuality "1"]

1. d4 Nf6 2. Nf3 d5 3. e3 c5 4. Bd3 Nc6 5. c3 b6 6. 0-0 Bb7 7. Nbd2 e6 8. Qe2 Bd6 9. Rd1 0-0 10. e4 dxe4 11. Nxe4 cxd4 12. Bg5 Be7 13. cxd4 Nb4 14. Nxf6+ Bxf6 15. Bxf6 Qxf6 16. Be4 Bxe4 17. Qxe4 Nd5 18. g3 Rac8 19. Rac1 h6 20. Ne5 Qe7 21. a3 Rc7 22. Rxc7 Qxc7 23. Rd3 Rc8 24. Rf3 Nf6 25. Qh4 Qd8 26. Rc3 Rxc3 27. bxc3 Qd5 28. Qf4 Qb3 29. Qc1 b5 30. Nc6 a6 31. Nb4 a5 32. Nc6 a4 33. Ne5 Nd5 34. c4 bxc4 35. Qxc4 Qxa3 36. Qc8+ Qf8 37. Qa6 a3 38. Nc4 Qb4 39. Nxa3 Qxd4 40. Qc8+ Kh7 41. Qc2+ g6 42. Nb5 Qa1+ 43. Kg2 h5 44. h4 Qa6 45. Nd4 Qb7 46. Kh2 Nf6 47. Qc3 Ng4+ 48. Kg1 Qb1+ 49. Kg2 Qa2 50. Qf3 Qd5 51. Qxd5 exd5 52. Nf3 Kg7 53. Ng5 Kf6 54. f3 Ne5 55. Kf2 Nc6 56. Ke3 Ke7 57. Kf4 f6 58. Nh3 Ke6 59. Nf2 Nb4 60. g4 d4 61. Ke4 d3 62. Nxd3 Nxd3 63. Kxd3 Ke5 64. Ke3 f5 65. f4+ Kf6 66. g5+ Ke6 67. Kd4 Kd6 68. Kc4 Kc6 69. Kd4 Kd6 70. Kc4 Kc6 71. Kd4 Kd6 1/2-1/2

[Event "Titled Tuesday intern op 15th Aug Early"]
[Site "Chess.com INT"]
[Date "2023.08.15"]
[Round "9"]
[White "Al Tarbosh, Ward"]
[Black "Ugarte Soto, Cesar"]
[Result "1-0"]
[WhiteElo "2280"]
[BlackElo "2088"]
[PlyCount "73"]
[EventDate "2023.08.15"]
[EventType "swiss (blitz)"]
[EventRounds "11"]
[EventCountry "USA"]
[SourceTitle "EXT 2024"]
[Source "ChessBase"]
[SourceDate "2023.10.10"]
[SourceVersion "1"]
[SourceVersionDate "2023.10.10"]
[SourceQuality "1"]

1. e4 c5 2. Nf3 Nc6 3. d4 cxd4 4. Nxd4 Qb6 5. Nb3 Nf6 6. Nc3 e6 7. Be2 a6 8. 0-0 Qc7 9. f4 d6 10. Be3 b5 11. Bf3 Bb7 12. a3 Be7 13. Qe2 0-0 14. Rad1 Rfe8 15. g4 Rac8 16. g5 Nd7 17. h4 b4 18. axb4 Nxb4 19. h5 Nb6 20. Bg4 Nc4 21. Bc1 Qb6+ 22. Kh2 d5 23. g6 dxe4 24. gxf7+ Kxf7 25. Nxe4 Bf6 26. Ng5+ Bxg5 27. fxg5+ Kg8 28. g6 hxg6 29. hxg6 e5 30. Be6+ Rxe6 31. Nc5 Qxc5 32. Qh5 Rxg6 33. Qxg6 Nd6 34. Qxd6 Qxc2+ 35. Rd2 Qh7+ 36. Kg3 Qe4 37. Qe6+ 1-0

[Event "Titled Tuesday intern op 15th Aug Late"]
[Site "Chess.com INT"]
[Date "2023.08.15"]
[Round "5"]
[White "Fiorito, Joaquin"]
[Black "Ugarte Soto, Cesar"]
[Result "1-0"]
[WhiteElo "2409"]
[BlackElo "2088"]
[PlyCount "77"]
[EventDate "2023.08.15"]
[EventType "swiss (blitz)"]
[EventRounds "11"]
[EventCountry "USA"]
[SourceTitle "EXT 2024"]
[Source "ChessBase"]
[SourceDate "2023.10.10"]
[SourceVersion "1"]
[SourceVersionDate "2023.10.10"]
[SourceQuality "1"]

1. d4 d5 2. c4 e6 3. Nc3 h6 4. cxd5 exd5 5. Nf3 c6 6. Bf4 Bd6 7. Bxd6 Qxd6 8. e3 Nf6 9. Bd3 0-0 10. 0-0 Bg4 11. Qb3 Bxf3 12. gxf3 b5 13. Kh1 Nbd7 14. Rg1 Nb6 15. Rg2 Rfd8 16. Rag1 Ne8 17. Qd1 Nc4 18. Bb1 Kf8 19. b3 Nb6 20. Qd3 Nd7 21. f4 a5 22. Ne2 a4 23. Ng3 g6 24. f5 g5 25. Nh5 axb3 26. axb3 Ndf6 27. Qe2 Ra1 28. h4 g4 29. Nf4 h5 30. f3 Rda8 31. fxg4 Nxg4 32. Nxh5 Nef6 33. Rxg4 R8a2 34. Bxa2 Nxg4 35. Rxa1 Nh6 36. Rg1 Qe7 37. Qf2 Qe4+ 38. Rg2 Ng4 39. Qf4 1-0

[Event "Titled Tuesday intern op 15th Aug Early"]
[Site "Chess.com INT"]
[Date "2023.08.15"]
[Round "8"]
[White "Tharushi, THD Niklesha"]
[Black "Ugarte Soto, Cesar"]
[Result "0-1"]
[WhiteElo "1521"]
[BlackElo "2088"]
[PlyCount "52"]
[EventDate "2023.08.15"]
[EventType "swiss (blitz)"]
[EventRounds "11"]
[EventCountry "USA"]
[SourceTitle "EXT 2024"]
[Source "ChessBase"]
[SourceDate "2023.10.10"]
[SourceVersion "1"]
[SourceVersionDate "2023.10.10"]
[SourceQuality "1"]

1. e4 c5 2. Nf3 Nc6 3. d4 cxd4 4. Nxd4 Qb6 5. Nb3 Nf6 6. Nc3 e6 7. Be3 Qc7 8. Be2 a6 9. 0-0 b5 10. Qd2 b4 11. Na4 Nxe4 12. Qd3 d5 13. Nb6 Rb8 14. Nxc8 Qxc8 15. Qxa6 Qxa6 16. Bxa6 Be7 17. f3 Nf6 18. Nc5 0-0 19. Nb3 Nd7 20. Rad1 Nce5 21. Rd2 Ra8 22. Bb7 Rxa2 23. f4 Nc4 24. Re2 Nxe3 25. Rxe3 Nc5 26. Kh1 Nxb7 0-1

[Event "Titled Tuesday intern op 15th Aug Early"]
[Site "Chess.com INT"]
[Date "2023.08.15"]
[Round "10"]
[White "Ugarte Soto, Cesar"]
[Black "Vaglio Munoz, Jaime"]
[Result "1-0"]
[WhiteElo "2088"]
[BlackElo "2174"]
[PlyCount "127"]
[EventDate "2023.08.15"]
[EventType "swiss (blitz)"]
[EventRounds "11"]
[EventCountry "USA"]
[SourceTitle "EXT 2024"]
[Source "ChessBase"]
[SourceDate "2023.10.10"]
[SourceVersion "1"]
[SourceVersionDate "2023.10.10"]
[SourceQuality "1"]

1. d4 c5 2. d5 d6 3. c4 b5 4. Qc2 bxc4 5. e4 Ba6 6. Bxc4 Bxc4 7. Qxc4 Nd7 8. Nc3 g6 9. Nf3 Bg7 10. 0-0 Ngf6 11. h3 0-0 12. Bf4 Rb8 13. Rab1 Rb4 14. Qe2 Nh5 15. Bh2 Qb6 16. e5 Rb8 17. g4 Nf4 18. Bxf4 Rxf4 19. exd6 exd6 20. Qe3 Rb4 21. b3 c4 22. Qxb6 R8xb6 23. Na4 R6b5 24. Rfc1 cxb3 25. Rc8+ Bf8 26. axb3 Kg7 27. Nc3 Rb7 28. Nd2 Nc5 29. f3 Be7 30. Re1 Bf6 31. Nce4 Bd4+ 32. Kg2 Be5 33. Nxc5 Bc3 34. Nce4 Rxe4 35. Rxe4 Bxd2 36. Rd8 Rxb3 37. Rxd6 Rd3 38. Rd7 Bg5 39. f4 Bh4 40. g5 Rg3+ 41. Kh2 Rf3 42. Kg2 Rf2+ 43. Kg1 h6 44. Rxa7 hxg5 45. fxg5 Rf5 46. Rxh4 Rxg5+ 47. Kf2 Rxd5 48. Rf4 Kh6 49. Raxf7 Rd2+ 50. Kg3 Rd3+ 51. Rf3 Rd5 52. h4 Rd1 53. Kg4 Rg1+ 54. Rg3 Rd1 55. Rf4 Rd5 56. Re3 Rd1 57. Rg3 Rd5 58. Ra4 Rc5 59. Ra6 Rd5 60. Kh3 Kh5 61. Raxg6 Rd3 62. R6g5+ Kh6 63. Rxd3 Kh7 64. Rd6 1-0

[Event "Titled Tuesday intern op 15th Aug Late"]
[Site "Chess.com INT"]
[Date "2023.08.15"]
[Round "6"]
[White "Ugarte Soto, Cesar"]
[Black "Yedidia, Jonathan"]
[Result "0-1"]
[WhiteElo "2088"]
[BlackElo "2360"]
[PlyCount "140"]
[EventDate "2023.08.15"]
[EventType "swiss (blitz)"]
[EventRounds "11"]
[EventCountry "USA"]
[SourceTitle "EXT 2024"]
[Source "ChessBase"]
[SourceDate "2023.10.10"]
[SourceVersion "1"]
[SourceVersionDate "2023.10.10"]
[SourceQuality "1"]

1. d4 d5 2. Nf3 Nf6 3. e3 Bf5 4. Bd3 Bxd3 5. Qxd3 e6 6. 0-0 Nbd7 7. Nbd2 c5 8. b3 Bd6 9. Bb2 0-0 10. Rfd1 Qc7 11. Rac1 Rad8 12. c4 Qb8 13. cxd5 Nxd5 14. g3 Nb4 15. Qb1 cxd4 16. exd4 Nf6 17. a3 Nbd5 18. Nc4 Rfe8 19. Nce5 Rc8 20. b4 Nb6 21. Qd3 Rxc1 22. Rxc1 Rc8 23. Rd1 Na4 24. Qb3 Nxb2 25. Qxb2 Nd5 26. Rd3 Qc7 27. Qe2 Qc1+ 28. Kg2 Nc3 29. Qe3 Qxa3 30. Qf4 f6 31. Qg4 Qa2 32. Nd7 Bxb4 33. Nxf6+ Kh8 34. d5 Qe2 35. Nh5 Bf8 36. Qxe6 Qxe6 37. dxe6 b5 38. Ne5 b4 39. Nf7+ Kg8 40. Rd7 b3 41. Rb7 Nd1 42. Rxb3 Rc2 43. Rb8 Rxf2+ 44. Kg1 Rxf7 45. exf7+ Kxf7 46. Rb7+ Kg6 47. Nf4+ Kf6 48. Rxa7 Bc5+ 49. Kf1 Bxa7 50. Ke2 Nc3+ 51. Kd3 Nb5 52. Kc4 Nd6+ 53. Kd5 Nf5 54. Nh5+ Kg6 55. Nf4+ Kg5 56. Ne6+ Kf6 57. Nf4 Ne7+ 58. Ke4 Bg1 59. h4 Bh2 60. Kf3 Nf5 61. Nd5+ Ke5 62. g4 Nxh4+ 63. Ke3 Kxd5 64. g5 Ke5 65. g6 hxg6 66. Kf2 g5 67. Kf1 g4 68. Kf2 g3+ 69. Kf1 g2+ 70. Ke2 g1Q 0-1

[Event "Titled Tuesday intern op 08th Aug Early"]
[Site "Chess.com INT"]
[Date "2023.08.08"]
[Round "11"]
[White "Rosh, Jain"]
[Black "Ugarte Soto, Cesar"]
[Result "0-1"]
[WhiteElo "2248"]
[BlackElo "2088"]
[PlyCount "68"]
[EventDate "2023.08.08"]
[EventType "swiss (blitz)"]
[EventRounds "11"]
[EventCountry "USA"]
[SourceTitle "EXT 2024"]
[Source "ChessBase"]
[SourceDate "2023.10.10"]
[SourceVersion "1"]
[SourceVersionDate "2023.10.10"]
[SourceQuality "1"]

1. e4 c5 2. Nf3 Nc6 3. d4 cxd4 4. Nxd4 Qb6 5. Nb3 Nf6 6. Nc3 e6 7. Be3 Qc7 8. Bd3 a6 9. 0-0 b5 10. f4 b4 11. Na4 d5 12. Nb6 Rb8 13. exd5 Rxb6 14. dxc6 Rxc6 15. Nd4 Rd6 16. Qe1 Be7 17. Nf3 0-0 18. Bd4 Rfd8 19. Be5 Qb6+ 20. Kh1 R6d7 21. Rd1 Bb7 22. Rd2 h6 23. Re2 a5 24. Qg3 a4 25. Qh3 Kf8 26. Nh4 b3 27. axb3 axb3 28. Qg3 bxc2 29. Bxc2 Rd2 30. Rfe1 Qb5 31. Rxd2 Rxd2 32. Bb1 Re2 33. Rxe2 Qxe2 34. Qd3 Qe1+ 0-1

[Event "Titled Tuesday intern op 01st Aug Early"]
[Site "Chess.com INT"]
[Date "2023.08.01"]
[Round "7"]
[White "Krzywda, Andrzej"]
[Black "Ugarte Soto, Cesar"]
[Result "0-1"]
[WhiteElo "2210"]
[BlackElo "2088"]
[PlyCount "64"]
[EventDate "2023.08.01"]
[EventType "swiss (blitz)"]
[EventRounds "11"]
[EventCountry "USA"]
[SourceTitle "EXT 2024"]
[Source "ChessBase"]
[SourceDate "2023.10.10"]
[SourceVersion "1"]
[SourceVersionDate "2023.10.10"]
[SourceQuality "1"]

1. e4 c5 2. Nf3 Nc6 3. d4 cxd4 4. Nxd4 Qb6 5. Nb3 Nf6 6. Nc3 e6 7. Bd3 a6 8. Be3 Qc7 9. f4 d6 10. g4 b5 11. g5 Nd7 12. Qe2 Bb7 13. 0-0-0 b4 14. Na4 Be7 15. Kb1 0-0 16. h4 Rfc8 17. h5 Na5 18. g6 Nc4 19. Bc1 Qc6 20. h6 fxg6 21. hxg7 Rab8 22. Qh2 Nf6 23. Bxc4 Qxc4 24. Nb6 Qxe4 25. Nxc8 Rxc8 26. f5 exf5 27. Bg5 Nh5 28. Bxe7 Qxe7 29. Rhe1 Be4 30. Rd2 Nxg7 31. Nd4 a5 32. Nb5 Bxc2+ 0-1

[Event "Titled Tuesday intern op 01st Aug Late"]
[Site "Chess.com INT"]
[Date "2023.08.01"]
[Round "5"]
[White "Ugarte Soto, Cesar"]
[Black "Kanyamarala, Trisha"]
[Result "0-1"]
[WhiteElo "2088"]
[BlackElo "2344"]
[PlyCount "106"]
[EventDate "2023.08.01"]
[EventType "swiss (blitz)"]
[EventRounds "11"]
[EventCountry "USA"]
[SourceTitle "EXT 2024"]
[Source "ChessBase"]
[SourceDate "2023.10.10"]
[SourceVersion "1"]
[SourceVersionDate "2023.10.10"]
[SourceQuality "1"]

1. d4 Nf6 2. Bg5 Ne4 3. Bf4 d5 4. Nd2 c5 5. e3 Nc6 6. c3 e6 7. Bd3 Nxd2 8. Qxd2 Bd6 9. Bg3 e5 10. dxe5 Bxe5 11. Nf3 Qe7 12. Bb5 Bxg3 13. hxg3 Be6 14. Ne5 Rc8 15. Rd1 a6 16. Nxc6 bxc6 17. Bxa6 Ra8 18. Bd3 Rxa2 19. Qe2 h6 20. 0-0 0-0 21. Ra1 Rfa8 22. Rxa2 Rxa2 23. Bb1 Ra8 24. Qc2 g6 25. Qb3 Qc7 26. Qd1 Rb8 27. Qd2 Qb6 28. e4 Qxb2 29. Qxh6 d4 30. cxd4 Qxd4 31. Qf4 Rb2 32. Qc1 c4 33. Bc2 c3 34. Rd1 Qb6 35. Rd3 Bb3 36. Rxc3 Bxc2 37. Rxc2 Rb1 38. Rxc6 Rxc1+ 39. Rxc1 Qd4 40. Re1 Kg7 41. Re3 Qd1+ 42. Kh2 Qf1 43. Rf3 Qe2 44. Rf4 g5 45. Rf5 Kg6 46. f3 g4 47. Rf4 gxf3 48. Rxf3 Qxe4 49. Kg1 Qd4+ 50. Kh2 f6 51. Rf4 Qd1 52. Kh3 Qh1+ 53. Kg4 Qh5# 0-1

[Event "Titled Tuesday intern op 01st Aug Early"]
[Site "Chess.com INT"]
[Date "2023.08.01"]
[Round "6"]
[White "Ugarte Soto, Cesar"]
[Black "Pein, Jonathan"]
[Result "1-0"]
[WhiteElo "2088"]
[BlackElo "2276"]
[PlyCount "91"]
[EventDate "2023.08.01"]
[EventType "swiss (blitz)"]
[EventRounds "11"]
[EventCountry "USA"]
[SourceTitle "EXT 2024"]
[Source "ChessBase"]
[SourceDate "2023.10.10"]
[SourceVersion "1"]
[SourceVersionDate "2023.10.10"]
[SourceQuality "1"]

1. d4 c5 2. d5 f5 3. c4 Nf6 4. Nc3 g6 5. Bg5 Bg7 6. h4 Qb6 7. Rb1 d6 8. e3 Nbd7 9. Nf3 Qa5 10. Bd3 a6 11. a3 h6 12. Bf4 Nh5 13. Bh2 Bxc3+ 14. bxc3 Qxc3+ 15. Kf1 Qxa3 16. e4 fxe4 17. Bxe4 Rg8 18. Qc2 Nf8 19. Re1 Nf6 20. Bd3 Bd7 21. Bxd6 0-0-0 22. Bxe7 Ba4 23. Qd2 N8d7 24. Bxd8 Rxd8 25. Rh3 Rf8 26. Bxg6 Bb3 27. Bf5 Bxc4+ 28. Kg1 Qb4 29. Qxh6 Bxd5 30. Qxf8+ Kc7 31. Bxd7 Nxd7 32. Re7 Bc6 33. Ne5 Qe4 34. Nf3 Qd5 35. Qf4+ Kd8 36. Rf7 a5 37. Rg3 Nb6 38. Qb8+ Nc8 39. Rg8+ Be8 40. Rxe8+ Kxe8 41. Rxb7 Qd1+ 42. Kh2 Qd7 43. Qc7 Qxc7+ 44. Rxc7 Nd6 45. Rxc5 a4 46. Ra5 1-0

[Event "Titled Tuesday intern op 01st Aug Late"]
[Site "Chess.com INT"]
[Date "2023.08.01"]
[Round "9"]
[White "Ugarte Soto, Cesar"]
[Black "Polaczek, Richard"]
[Result "1/2-1/2"]
[WhiteElo "2088"]
[BlackElo "2302"]
[PlyCount "72"]
[EventDate "2023.08.01"]
[EventType "swiss (blitz)"]
[EventRounds "11"]
[EventCountry "USA"]
[SourceTitle "EXT 2024"]
[Source "ChessBase"]
[SourceDate "2023.10.10"]
[SourceVersion "1"]
[SourceVersionDate "2023.10.10"]
[SourceQuality "1"]

1. d4 Nf6 2. Bg5 d5 3. Bxf6 gxf6 4. g3 c5 5. e3 Qb6 6. b3 cxd4 7. exd4 Nc6 8. c3 e5 9. dxe5 fxe5 10. Bg2 Be6 11. Ne2 Rd8 12. 0-0 Bc5 13. b4 Be7 14. Kh1 d4 15. c4 Bxc4 16. Nd2 Be6 17. f4 0-0 18. fxe5 Nxe5 19. Nf4 Bg4 20. Qe1 Bd6 21. h3 Bd7 22. Ne4 f5 23. Nxd6 Qxd6 24. Rd1 Bc6 25. Rf2 Bxg2+ 26. Rxg2 Rde8 27. Qd2 Nf3 28. Qd3 Ne1 29. Qb3+ Kh8 30. Rgd2 Re4 31. Qd5 Qh6 32. Rxd4 Rxf4 33. Qe5+ Kg8 34. Qd5+ Kh8 35. Qe5+ Kg8 36. Qd5+ Kh8 1/2-1/2

[Event "Titled Tuesday intern op 01st Aug Late"]
[Site "Chess.com INT"]
[Date "2023.08.01"]
[Round "2"]
[White "Ugarte Soto, Cesar"]
[Black "Povshednyi, Ivan"]
[Result "0-1"]
[WhiteElo "2088"]
[BlackElo "2223"]
[PlyCount "44"]
[EventDate "2023.08.01"]
[EventType "swiss (blitz)"]
[EventRounds "11"]
[EventCountry "USA"]
[SourceTitle "EXT 2024"]
[Source "ChessBase"]
[SourceDate "2023.10.10"]
[SourceVersion "1"]
[SourceVersionDate "2023.10.10"]
[SourceQuality "1"]

1. d4 Nf6 2. Bg5 d5 3. Bxf6 gxf6 4. g3 c5 5. e3 Nc6 6. c3 e6 7. Bg2 f5 8. Ne2 cxd4 9. cxd4 Bd6 10. 0-0 0-0 11. Nd2 Qf6 12. Nf3 b6 13. Rc1 Bb7 14. Nh4 Rfc8 15. Nf4 Bxf4 16. gxf4 Qxh4 17. Kh1 Kh8 18. Qa4 Rg8 19. Rxc6 Rxg2 20. Kxg2 Rg8+ 21. Kh1 Qh3 22. Rg1 Qf3+ 0-1

[Event "Titled Tuesday intern op 01st Aug Early"]
[Site "Chess.com INT"]
[Date "2023.08.01"]
[Round "8"]
[White "Ventura Bolet, Maxim"]
[Black "Ugarte Soto, Cesar"]
[Result "1/2-1/2"]
[WhiteElo "2203"]
[BlackElo "2088"]
[PlyCount "56"]
[EventDate "2023.08.01"]
[EventType "swiss (blitz)"]
[EventRounds "11"]
[EventCountry "USA"]
[SourceTitle "EXT 2024"]
[Source "ChessBase"]
[SourceDate "2023.10.10"]
[SourceVersion "1"]
[SourceVersionDate "2023.10.10"]
[SourceQuality "1"]

1. Nf3 d5 2. g3 Nf6 3. Bg2 e6 4. c4 Nbd7 5. b3 a5 6. Nc3 c6 7. Bb2 Be7 8. 0-0 0-0 9. d4 b6 10. Nd2 Bb7 11. e4 dxe4 12. Ndxe4 Qb8 13. Ng5 h6 14. Nh3 Rd8 15. Re1 Bf8 16. Qc2 c5 17. d5 exd5 18. cxd5 Ne5 19. Rad1 c4 20. Rxe5 cxb3 21. Qxb3 Qxe5 22. Ne4 Qf5 23. Nxf6+ gxf6 24. Nf4 Bc5 25. Bh3 Qe4 26. Bg2 Qf5 27. Bh3 Qe4 28. Bg2 Qf5 1/2-1/2

[Event "Titled Tuesday intern op 25th Jul Late"]
[Site "Chess.com INT"]
[Date "2023.07.25"]
[Round "4"]
[White "Papayan, Oleg"]
[Black "Ugarte Soto, Cesar"]
[Result "1/2-1/2"]
[WhiteElo "2253"]
[BlackElo "2088"]
[PlyCount "97"]
[EventDate "2023.07.25"]
[EventType "swiss (blitz)"]
[EventRounds "11"]
[EventCountry "USA"]
[SourceTitle "EXT 2024"]
[Source "ChessBase"]
[SourceDate "2023.10.10"]
[SourceVersion "1"]
[SourceVersionDate "2023.10.10"]
[SourceQuality "1"]

1. e4 c5 2. d4 cxd4 3. Qxd4 Nc6 4. Qd3 g6 5. Nc3 Bg7 6. Nf3 d6 7. Be2 Nf6 8. 0-0 0-0 9. Nd5 Bg4 10. c3 Bxf3 11. Qxf3 Nxd5 12. exd5 Ne5 13. Qe3 Qc7 14. Re1 Bf6 15. Bf1 Rfc8 16. a4 Nc4 17. Qf3 a5 18. Re2 Qc5 19. Qd3 Ne5 20. Qd1 Nc4 21. g3 Qb6 22. Bh3 Rc7 23. Ra2 Qc5 24. Bf4 Nb6 25. Bg2 Nc4 26. b3 Ne5 27. c4 Qb6 28. Be3 Qa6 29. h3 Nd7 30. f4 b6 31. g4 Nc5 32. f5 Rf8 33. Rf2 Qc8 34. Rae2 Rb7 35. Bh6 Re8 36. Be3 Nd7 37. fxg6 hxg6 38. Be4 Ne5 39. Kg2 Kg7 40. Rf1 Rh8 41. g5 Qxh3+ 42. Kg1 Qg4+ 43. Bg2 Bxg5 44. Bd4 Bf4 45. Re4 Bh2+ 46. Kh1 Bf4+ 47. Kg1 Bh2+ 48. Kh1 Bf4+ 49. Kg1 1/2-1/2

[Event "Titled Tuesday intern op 25th Jul Late"]
[Site "Chess.com INT"]
[Date "2023.07.25"]
[Round "2"]
[White "Roberson, Peter T"]
[Black "Ugarte Soto, Cesar"]
[Result "1-0"]
[WhiteElo "2433"]
[BlackElo "2088"]
[PlyCount "41"]
[EventDate "2023.07.25"]
[EventType "swiss (blitz)"]
[EventRounds "11"]
[EventCountry "USA"]
[SourceTitle "EXT 2024"]
[Source "ChessBase"]
[SourceDate "2023.10.10"]
[SourceVersion "1"]
[SourceVersionDate "2023.10.10"]
[SourceQuality "1"]

1. c4 e6 2. d4 d5 3. Nc3 h6 4. Bf4 Bd6 5. Bg3 Nf6 6. e3 a6 7. Nf3 0-0 8. cxd5 exd5 9. Bd3 Re8 10. 0-0 c6 11. Ne5 Qe7 12. f4 Nfd7 13. Qf3 Nf8 14. Rae1 f6 15. Ng4 Be6 16. f5 Bf7 17. e4 Bxg3 18. Qxg3 dxe4 19. Rxe4 Qd8 20. Nxh6+ Kh7 21. Nxf7 1-0